Statistics for Knock Knock Joke answers

Click here to take the quiz!

General Stats

  • This quiz has been taken 23 times
  • The average score is 4 of 12

Answer Stats

HintAnswer% Correct
I didn't know you were an owl.Who
74%
I prefer Google.Ya
68%
Please don't cry.Boo
63%
Okay, it's W-H-O.Spell
53%
I didn't know you liked Japanese poetry.Hike
37%
No thanks, I'd rather have a peanut.Cash
26%
MOOOOOOOO!Interrupting Cow
16%
I didn't know you could yodel.A little old lady
11%
______ the tub, I'm drowning!Dwayne
5%
___ ______ if you don't let me in!Ice Cream
0%
_____ you too, baby.Olive
0%
____ me, that's who!Says
0%

Score Distribution

Percentile by Number Answered

Percent of People with Each Score

Your Score History

You have not taken this quiz